书目信息 |
| 题名: |
新华社记者看泛北部湾经济合作
|
|
| 作者: | 杜新 主编 | |
| 分册: | ||
| 出版信息: | 北京 新华出版社 2007.07 |
|
| 页数: | 335页 | |
| 开本: | 24cm | |
| 丛书名: | ||
| 单 册: | ||
| 中图分类: | I253.3 | |
| 科图分类: | ||
| 主题词: | 报告文学--中国 , 传记文学--中国 | |
| 电子资源: | ||
| ISBN: | 978-7-5011-8001-1 | |
| 000 | 00702nam0 2200241 45 | |
| 001 | 0941348632 | |
| 005 | 20091112111315.00 | |
| 010 | @a978-7-5011-8001-1@dCNY38.00 | |
| 100 | @a20090515d2007 ekmy0 y0120 ea | |
| 102 | @aCN@b130000 | |
| 102 | @aCN@b110000 | |
| 105 | @ay z 000yy | |
| 200 | 1 | @a新华社记者看泛北部湾经济合作@Axin hua she ji zhe kan fan bei bu wan jing ji he zuo@f杜新主编@Fdu xin zhu bian |
| 210 | @a北京@c新华出版社@d2007.07 | |
| 210 | @a北京@c新华出版社 | |
| 215 | @a335页@d24cm | |
| 606 | 0 | @a报告文学@x中国 |
| 606 | 0 | @a传记文学@x中国 |
| 690 | @aI253.3@v4 | |
| 701 | 0 | @a杜新@Adu xin@4主编 |
| 801 | 0 | @aCN@c20091112 |
| 905 | @a10447@dI253.3@eD875 | |
| 906 | @d38@n3@r1 | |
| 新华社记者看泛北部湾经济合作/杜新主编.-北京:新华出版社,2007.07.-北京:新华出版社 |
| 335页;24cm |
| ISBN 978-7-5011-8001-1:CNY38.00 |
| ● |
| 相关链接 |
|
|
|
正题名:新华社记者看泛北部湾经济合作
索取号:I253.3/D875
 
预约/预借
| 序号 | 登录号 | 条形码 | 馆藏地/架位号 | 状态 | 备注 |
| 1 | 895147 | 208951473 | 文学库108/108文学库 68排2列5层/ [索取号:I253.3/D875] | 在馆 | |
| 2 | 895148 | 208951482 | 文学库108/108文学库 68排2列5层/ [索取号:I253.3/D875] | 在馆 |